000 00471nam a2200217Ia 4500
001 083354
003 YMCAF
005 20230512161413.0
008 100717s2002 ||||||||||||||||| ||und|d
024 _a83354
035 _a22814
040 _aYMCAF
_beng
_cIN-KoLT
041 _aeng
082 _a621.381
_b532 4 TRE
100 _aTreichler, John R
245 0 _aAdaptive filters
260 _bPHI
_c2002
300 _a350
653 _aElectrical
942 _2ddc
_cBK
999 _c8395
_d8395